Historia de la revolución de México contra la dictadura del General Santa-Anna, 1853-1855 (Record no. 139)

MARC details
000 -CABECERA
campo de control de longitud fija 01037nam a2200229 a 4500
001 - NÚMERO DE CONTROL
campo de control BRCA_160
005 - FECHA Y HORA DE LA ÚLTIMA TRANSACCIÓN
campo de control 20190320202915.0
008 - DATOS DE LONGITUD FIJA--INFORMACIÓN GENERAL
campo de control de longitud fija 920518r19911856mx-a---##b---#001-0#spa-#
040 ## - FUENTE DE LA CATALOGACIÓN
Centro catalogador/agencia de origen DLC
Centro/agencia transcriptor DLC
050 #4 - SIGNATURA TOPOGRÁFICA DE LA BIBLIOTECA DEL CONGRESO
Número de clasificación F1226
Número de documento/Ítem .B53 1991
100 1# - ENTRADA PRINCIPAL--NOMBRE DE PERSONA
Nombre de persona Portilla, Anselmo de la
Fechas asociadas al nombre 1816-1879
9 (RLIN) 616
245 10 - MENCIÓN DE TÍTULO
Título Historia de la revolución de México contra la dictadura del General Santa-Anna, 1853-1855
Mención de responsabilidad, etc. Anselmo de la Portilla ; prólogo de Andrés Henestrosa ; presentación de Francisco de Antuñano Maurer.
260 ## - PUBLICACIÓN, DISTRIBUCIÓN, ETC.
Lugar de publicación, distribución, etc. México
Nombre del editor, distribuidor, etc. Biblioteca Mexicana de la Fundación Miguel Alemán
Fecha de publicación, distribución, etc. 1991
300 ## - DESCRIPCIÓN FÍSICA
Extensión xxxviii, 335, clviii, 28 p.
Otras características físicas il., [18] hojas de láminas a color, mapas
Dimensiones 24 cm.
500 ## - NOTA GENERAL
Nota general Facsímil de: México : Imprenta de Vicente García Torres, 1856. (edición príncipe)
500 ## - NOTA GENERAL
Nota general Incluye índice onomástico
504 ## - NOTA DE BIBLIOGRAFÍA, ETC.
Nota de bibliografía, etc. Bibliografía: p. 36-38
600 14 - PUNTO DE ACCESO ADICIONAL DE MATERIA--NOMBRE DE PERSONA
Nombre de persona Santa Anna, Antonio López de
Fechas asociadas al nombre 1794?-1876
9 (RLIN) 617
651 #4 - PUNTO DE ACCESO ADICIONAL DE MATERIA--NOMBRE GEOGRÁFICO
Nombre geográfico México
Subdivisión general Historia
Subdivisión cronológica 1821-1861
9 (RLIN) 618
700 1# - PUNTO DE ACCESO ADICIONAL--NOMBRE DE PERSONA
Nombre de persona Antuñano Maurer, Francisco de
9 (RLIN) 619
942 ## - ELEMENTOS DE PUNTO DE ACCESO ADICIONAL (KOHA)
Fuente del sistema de clasificación o colocación Library of Congress Classification
Tipo de ítem Koha Libros
Holdings
Estado de retiro Estado de pérdida Estado dañado No para préstamo Localización permanente Ubicación/localización actual Fecha de adquisición Total de préstamos Signatura topográfica completa Código de barras Fecha visto por última vez Precio válido a partir de Tipo de ítem Koha
El ejemplar forma parte de la colección y puede ser consultado según las políticas vigentes.       Biblioteca del Museo Franz Mayer (Rogerio Casas-Alatriste) Biblioteca del Museo Franz Mayer (Rogerio Casas-Alatriste) 25/06/2008   F1226 .B53 1991 00221 22/03/2019 22/03/2019 Libros